‘No enemies to fight’ Goodluck Jonathan on the marble/
Saved in:
| Hovedforfatter: | |
|---|---|
| Format: | Bog |
| Sprog: | engelsk |
| Udgivet: |
Clear Coast Communication
2013
|
| Tags: |
Tilføj Tag
Ingen Tags, Vær først til at tagge denne postø!
|
MARC
| LEADER | 00000nam a22000007a 4500 | ||
|---|---|---|---|
| 008 | 201221b ||||| |||| 00| 0 eng d | ||
| 020 | |a ISBN: 979-978-51660-4-0 | ||
| 100 | |a JONATHAN, Goodluck E. | ||
| 245 | |a ‘No enemies to fight’ |b Goodluck Jonathan on the marble/ |c Goodluck Jonathan. |g . ix, 171p. | ||
| 260 | |b Clear Coast Communication |c 2013 |h Abuja: |i 680537 |l DT515.846 .J69 |m Jonathan, Goodluck Ebele |m President – Nigeria |m Heads of State – Nigeria |m Nigeria – Politics and government – 2007 | ||
| 942 | |a lcc |c BK |e Olagoke, M.A |f 21/12/2020 | ||
| 999 | |c 546 |d 546 | ||